[Event "Winnipeg TNT January op"]
[Site "Winnipeg CAN"]
[Date "2013.01.08"]
[Round "1"]
[White "Towns, Barry"]
[Black "Dawa, Arvin"]
[Result "1-0"]
[WhiteElo "1668"]
[BlackElo "2176"]
[PlyCount "101"]
[GameId "2160767909410911"]
[EventDate "2013.01.08"]
[EventType "swiss"]
[EventRounds "4"]
[EventCountry "CAN"]
[SourceTitle "EXT 2022"]
[Source "ChessBase"]
[SourceDate "2021.10.06"]
[SourceVersion "1"]
[SourceVersionDate "2021.10.06"]
[SourceQuality "1"]

1. e4 c6 2. d4 d5 3. Nc3 dxe4 4. Nxe4 Bf5 5. Bd3 Bxe4 6. Bxe4 Nf6 7. Qd3 Nbd7 8. Nf3 Nxe4 9. Qxe4 Nf6 10. Qe2 e6 11. O-O Be7 12. c4 O-O 13. Bf4 Qa5 14. a3 Qf5 15. Be5 Rfd8 16. h3 Rac8 17. Rfe1 h6 18. Rad1 Nd7 19. g4 Qg6 20. Bg3 Bf6 21. Rd3 Nc5 22. Rdd1 Nd7 23. b4 Nb6 24. Be5 h5 25. Bxf6 Qxf6 26. g5 Qf4 27. g6 fxg6 28. Qxe6+ Kh7 29. Ne5 Qg5+ 30. Kh1 Re8 31. Qd6 Qf5 32. Re3 Re6 33. Qc5 Rf6 34. Rf1 Rcf8 35. Rg3 Qf4 36. Rfg1 Qh4 37. f3 g5 38. Kg2 Rf4 39. Kf2 Rxd4 40. Qxf8 Nxc4 41. Qf5+ Kg8 42. Nxc4 Rxc4 43. Qe6+ Kh7 44. Qf5+ Kg8 45. Qe6+ Kh7 46. Re1 Rc2+ 47. Re2 Qd4+ 48. Qe3 Rxe2+ 49. Kxe2 Qb2+ 50. Qd2 Qe5+ 51. Kf2 1-0

[Event "Winnipeg TNT January op"]
[Site "Winnipeg CAN"]
[Date "2013.01.08"]
[Round "1"]
[White "Wolchock, Theo"]
[Black "Valentino, Marcos"]
[Result "0-1"]
[WhiteElo "1684"]
[BlackElo "2260"]
[PlyCount "74"]
[GameId "2160767909410912"]
[EventDate "2013.01.08"]
[EventType "swiss"]
[EventRounds "4"]
[EventCountry "CAN"]
[SourceTitle "EXT 2022"]
[Source "ChessBase"]
[SourceDate "2021.10.06"]
[SourceVersion "1"]
[SourceVersionDate "2021.10.06"]
[SourceQuality "1"]

1. c4 g6 2. g3 Bg7 3. Bg2 Nf6 4. Nc3 c6 5. e3 O-O 6. Nge2 d6 7. O-O Nbd7 8. d4 a6 9. Bd2 Qc7 10. Rc1 b6 11. Qc2 Bb7 12. Nf4 Rac8 13. a3 e5 14. Nd3 Ne8 15. dxe5 Nxe5 16. Nxe5 dxe5 17. Qb3 Rd8 18. Rfd1 Nd6 19. Na4 Nc8 20. Nc3 Kh8 21. e4 h6 22. f4 exf4 23. Bxf4 Qe7 24. Kh1 Kh7 25. Na4 c5 26. Nxb6 Bxe4 27. Nd5 Bxg2+ 28. Kxg2 Qe2+ 29. Kg1 Bxb2 30. Rd2 Bd4+ 31. Rxd4 cxd4 32. Bc7 Rxd5 33. cxd5 d3 34. Rd1 Qe3+ 35. Kh1 Qf3+ 36. Kg1 Re8 37. Qxd3 Re1+ 0-1

[Event "Winnipeg TNT January op"]
[Site "Winnipeg CAN"]
[Date "2013.01.15"]
[Round "2"]
[White "Dawa, Arvin"]
[Black "Croitor, Jeremy"]
[Result "1-0"]
[WhiteElo "2176"]
[BlackElo "1557"]
[PlyCount "93"]
[GameId "2160767909410913"]
[EventDate "2013.01.08"]
[EventType "swiss"]
[EventRounds "4"]
[EventCountry "CAN"]
[SourceTitle "EXT 2022"]
[Source "ChessBase"]
[SourceDate "2021.10.06"]
[SourceVersion "1"]
[SourceVersionDate "2021.10.06"]
[SourceQuality "1"]

1. d4 Nf6 2. Nf3 e6 3. Bg5 d5 4. Nbd2 Be7 5. e3 O-O 6. Bd3 h6 7. Bh4 Nbd7 8. O-O b6 9. Ne5 Nxe5 10. dxe5 Nd7 11. Bxe7 Qxe7 12. f4 c5 13. c3 c4 14. Bc2 Nc5 15. Nf3 Ne4 16. Bxe4 dxe4 17. Nd2 Rd8 18. Qc2 Qc5 19. Rfe1 Bb7 20. Nxe4 Bxe4 21. Qxe4 Qd5 22. Qxd5 Rxd5 23. Rad1 Rad8 24. Rd4 b5 25. Kf2 f5 26. exf6 gxf6 27. Red1 f5 28. Kf3 Kg7 29. e4 Rxd4 30. Rxd4 Rxd4 31. cxd4 Kf6 32. exf5 exf5 33. d5 b4 34. Ke3 b3 35. axb3 cxb3 36. Kd4 a5 37. Kc5 Ke7 38. d6+ Kd7 39. g3 h5 40. h4 a4 41. Kb4 Kxd6 42. Kxa4 Kc5 43. Kxb3 Kb5 44. Kc3 Kc5 45. b4+ Kd5 46. Kd3 Kc6 47. Kd4 1-0

[Event "Winnipeg TNT January op"]
[Site "Winnipeg CAN"]
[Date "2013.01.15"]
[Round "2"]
[White "Einarsson, Ken"]
[Black "Kernetsky, Myron"]
[Result "0-1"]
[WhiteElo "1829"]
[BlackElo "2064"]
[PlyCount "70"]
[GameId "2160767909410914"]
[EventDate "2013.01.08"]
[EventType "swiss"]
[EventRounds "4"]
[EventCountry "CAN"]
[SourceTitle "EXT 2022"]
[Source "ChessBase"]
[SourceDate "2021.10.06"]
[SourceVersion "1"]
[SourceVersionDate "2021.10.06"]
[SourceQuality "1"]

1. d4 Nf6 2. c4 e6 3. Nc3 Bb4 4. Bd2 d5 5. e3 O-O 6. Nf3 Nbd7 7. cxd5 exd5 8. Qc2 c6 9. Bd3 Bd6 10. O-O Re8 11. Rae1 h6 12. e4 dxe4 13. Nxe4 Nxe4 14. Bxe4 Nf6 15. Bd3 Be6 16. a3 Qb6 17. Be3 Bd5 18. Ne5 Rad8 19. Nc4 Bxc4 20. Bxc4 Qc7 21. h3 Qd7 22. Bxh6 Bf8 23. Be3 Nd5 24. Qb3 Re4 25. Bxd5 cxd5 26. Rc1 Bd6 27. Rc3 Bc7 28. Rfc1 Bb6 29. Qd1 Qe6 30. Qd3 Qd7 31. Kh1 Rde8 32. Qd2 Qe6 33. Kh2 Qd7 34. f3 R4e6 35. Bf2 Re2 0-1

[Event "Winnipeg TNT January op"]
[Site "Winnipeg CAN"]
[Date "2013.01.15"]
[Round "2"]
[White "Melamedoff, Gustavo"]
[Black "Baron, Gustav"]
[Result "1-0"]
[WhiteElo "2060"]
[BlackElo "1773"]
[PlyCount "61"]
[GameId "2160767909410915"]
[EventDate "2013.01.08"]
[EventType "swiss"]
[EventRounds "4"]
[EventCountry "CAN"]
[SourceTitle "EXT 2022"]
[Source "ChessBase"]
[SourceDate "2021.10.06"]
[SourceVersion "1"]
[SourceVersionDate "2021.10.06"]
[SourceQuality "1"]

1. Nf3 Nf6 2. c4 e6 3. g3 d5 4. b3 b6 5. Bg2 Bb7 6. O-O Be7 7. Bb2 O-O 8. d3 dxc4 9. bxc4 c5 10. Nc3 Na6 11. a3 Nc7 12. Qb3 Nce8 13. Rfd1 Qc8 14. Rac1 Nd6 15. e4 Nd7 16. e5 Nf5 17. Ne4 Rd8 18. g4 Nh4 19. Nxh4 Bxe4 20. Bxe4 Bxh4 21. d4 Rb8 22. Qh3 g5 23. d5 Nf8 24. f4 h6 25. f5 exd5 26. cxd5 Qa6 27. Rc2 Qa4 28. Qd3 Rbc8 29. e6 fxe6 30. fxe6 Nxe6 31. Bh7+ 1-0

[Event "Winnipeg TNT January op"]
[Site "Winnipeg CAN"]
[Date "2013.01.15"]
[Round "2"]
[White "Platt, Alex"]
[Black "Valentino, Marcos"]
[Result "1/2-1/2"]
[WhiteElo "1905"]
[BlackElo "2260"]
[PlyCount "118"]
[GameId "2160767909410916"]
[EventDate "2013.01.08"]
[EventType "swiss"]
[EventRounds "4"]
[EventCountry "CAN"]
[SourceTitle "EXT 2022"]
[Source "ChessBase"]
[SourceDate "2021.10.06"]
[SourceVersion "1"]
[SourceVersionDate "2021.10.06"]
[SourceQuality "1"]

1. d4 Nf6 2. Nf3 d5 3. g3 e6 4. Bg2 Bd6 5. O-O Nbd7 6. Nbd2 c6 7. c4 O-O 8. b3 e5 9. dxe5 Nxe5 10. cxd5 Nxf3+ 11. Nxf3 Nxd5 12. Bb2 Be7 13. Qc2 Bf6 14. a3 Bxb2 15. Qxb2 Qf6 16. Qxf6 Nxf6 17. Rfd1 Be6 18. Nd4 Bd5 19. b4 Bxg2 20. Kxg2 Rfe8 21. Rac1 a6 22. e3 Nd5 23. Nb3 f5 24. Rd3 Kf7 25. Rd4 Re7 26. Rc5 g6 27. h3 Kf6 28. Rc1 Nc7 29. Na5 Ne6 30. Rd6 Rd8 31. Rcd1 Rxd6 32. Rxd6 Ke5 33. Nc4+ Kf6 34. f4 Rc7 35. a4 Ke7 36. Rd1 Rd7 37. Rc1 Nc7 38. Kf3 Nd5 39. Ne5 Rc7 40. Rb1 b5 41. a5 c5 42. bxc5 Rxc5 43. Rd1 Ke6 44. g4 b4 45. Rd3 Rxa5 46. Nc6 Ra3 47. Nxb4 Rxd3 48. Nxd3 a5 49. e4 Nc3 50. exf5+ gxf5 51. Ke3 a4 52. Kd2 Ne4+ 53. Kc2 Kf6 54. Kb2 fxg4 55. hxg4 h5 56. gxh5 Ng3 57. h6 Kg6 58. Ka3 Kxh6 59. Ne5 Nh5 1/2-1/2

[Event "Winnipeg TNT January op"]
[Site "Winnipeg CAN"]
[Date "2013.01.15"]
[Round "2"]
[White "Remillard, John"]
[Black "Dykman, Tony"]
[Result "1-0"]
[WhiteElo "1675"]
[BlackElo "1264"]
[PlyCount "43"]
[GameId "2160767909410918"]
[EventDate "2013.01.08"]
[EventType "swiss"]
[EventRounds "4"]
[EventCountry "CAN"]
[SourceTitle "EXT 2022"]
[Source "ChessBase"]
[SourceDate "2021.10.06"]
[SourceVersion "1"]
[SourceVersionDate "2021.10.06"]
[SourceQuality "1"]

1. Nf3 c5 2. c4 d6 3. b3 Nf6 4. Bb2 e6 5. d4 cxd4 6. Nxd4 a6 7. g3 Be7 8. Bg2 Qc7 9. O-O Nbd7 10. Nd2 O-O 11. Rc1 b6 12. Bxa8 Ne5 13. Ne4 h6 14. Nxf6+ Bxf6 15. Bg2 Bb7 16. e3 Bxg2 17. Kxg2 Qb7+ 18. f3 Ng4 19. Qe2 Re8 20. Ba3 d5 21. fxg4 dxc4+ 22. Nf3 1-0

[Event "Winnipeg TNT January op"]
[Site "Winnipeg CAN"]
[Date "2013.01.15"]
[Round "2"]
[White "Towns, Barry"]
[Black "Mundwiler, Les"]
[Result "0-1"]
[WhiteElo "1668"]
[BlackElo "1991"]
[PlyCount "78"]
[GameId "2160767909410920"]
[EventDate "2013.01.08"]
[EventType "swiss"]
[EventRounds "4"]
[EventCountry "CAN"]
[SourceTitle "EXT 2022"]
[Source "ChessBase"]
[SourceDate "2021.10.06"]
[SourceVersion "1"]
[SourceVersionDate "2021.10.06"]
[SourceQuality "1"]

1. b4 d5 2. Bb2 e6 3. f4 Nf6 4. b5 a6 5. a4 axb5 6. axb5 Rxa1 7. Bxa1 b6 8. Nf3 Bb7 9. e3 Nbd7 10. c4 dxc4 11. Bxc4 Nc5 12. O-O Be7 13. Nc3 O-O 14. Ne5 Qa8 15. f5 Bxg2 16. Rf2 Bb7 17. fxe6 fxe6 18. d4 Bd6 19. dxc5 Bxe5 20. Bxe6+ Kh8 21. c6 Bc8 22. Ra2 Qb8 23. Qb3 Bxe6 24. Qxe6 Re8 25. Qh3 Qd8 26. Qf3 Qd3 27. Ra7 Qd2 28. Nd1 Qxh2+ 29. Kf1 Ne4 30. Qxe4 Rf8+ 31. Ke1 Bg3+ 32. Nf2 Qxf2+ 33. Kd1 Qf1+ 34. Kc2 Qf7 35. Be5 Bxe5 36. Qxe5 Qc4+ 37. Kb1 Rf1+ 38. Kb2 Rf2+ 39. Ka3 Ra2# 0-1

[Event "Winnipeg TNT January op"]
[Site "Winnipeg CAN"]
[Date "2013.01.15"]
[Round "2"]
[White "Trueman, Francis"]
[Black "Wolchock, Theo"]
[Result "0-1"]
[WhiteElo "1460"]
[BlackElo "1684"]
[PlyCount "32"]
[GameId "2160767909410921"]
[EventDate "2013.01.08"]
[EventType "swiss"]
[EventRounds "4"]
[EventCountry "CAN"]
[SourceTitle "EXT 2022"]
[Source "ChessBase"]
[SourceDate "2021.10.06"]
[SourceVersion "1"]
[SourceVersionDate "2021.10.06"]
[SourceQuality "1"]

1. Nf3 c5 2. d3 g6 3. g3 Bg7 4. Bg2 Nc6 5. Nbd2 e6 6. O-O Nge7 7. Re1 O-O 8. e4 d5 9. Qe2 Re8 10. c3 Qc7 11. Nf1 b6 12. h4 Bb7 13. g4 Qd7 14. Ng3 Ba6 15. Kh1 dxe4 16. dxe4 Bxe2 0-1

[Event "Winnipeg TNT January op"]
[Site "Winnipeg CAN"]
[Date "2013.01.15"]
[Round "2"]
[White "Wasserman, Leor"]
[Black "Babb, Jeff"]
[Result "0-1"]
[WhiteElo "1962"]
[BlackElo "2198"]
[PlyCount "96"]
[GameId "2160767909410922"]
[EventDate "2013.01.08"]
[EventType "swiss"]
[EventRounds "4"]
[EventCountry "CAN"]
[SourceTitle "EXT 2022"]
[Source "ChessBase"]
[SourceDate "2021.10.06"]
[SourceVersion "1"]
[SourceVersionDate "2021.10.06"]
[SourceQuality "1"]

1. e4 d6 2. Nf3 Nf6 3. Nc3 g6 4. Bc4 c6 5. d4 Bg7 6. O-O Nxe4 7. Bxf7+ Kxf7 8. Nxe4 Rf8 9. d5 Kg8 10. Neg5 Na6 11. Re1 Nc7 12. c4 h6 13. Ne4 Bg4 14. Qb3 cxd5 15. cxd5 b6 16. Nh4 g5 17. Ng6 Rf7 18. Bxg5 Bf5 19. Nxe7+ Rxe7 20. Bxe7 Qxe7 21. Ng3 Qd7 22. Nxf5 Qxf5 23. Re7 Rf8 24. Qg3 Rf7 25. Rxf7 Qxf7 26. Qxd6 Nxd5 27. Rd1 Nf6 28. Qb8+ Kh7 29. Qf4 Qxa2 30. Qf5+ Kh8 31. Rc1 Ng8 32. b4 Qb2 33. Qf4 Be5 34. Qe3 Bd4 35. Qf4 Bxf2+ 36. Kf1 Bd4 37. Rc8 Qb1+ 38. Rc1 Qd3+ 39. Ke1 Bc3+ 40. Kf2 Qd2+ 41. Qxd2 Bxd2 42. Rc7 Bxb4 43. Rxa7 Ne7 44. Rb7 Kg7 45. Kf3 Bc5 46. Ke4 Kf6 47. Ra7 Ke6 48. h4 b5 0-1

[Event "Winnipeg TNT January op"]
[Site "Winnipeg CAN"]
[Date "2013.01.22"]
[Round "3"]
[White "Babb, Jeff"]
[Black "Melamedoff, Gustavo"]
[Result "1/2-1/2"]
[WhiteElo "2198"]
[BlackElo "2060"]
[PlyCount "123"]
[GameId "2160767909410923"]
[EventDate "2013.01.08"]
[EventType "swiss"]
[EventRounds "4"]
[EventCountry "CAN"]
[SourceTitle "EXT 2022"]
[Source "ChessBase"]
[SourceDate "2021.10.06"]
[SourceVersion "1"]
[SourceVersionDate "2021.10.06"]
[SourceQuality "1"]

1. Nf3 d5 2. d4 e6 3. g3 f5 4. Bg2 Nf6 5. O-O c6 6. b3 Bd6 7. c4 O-O 8. Ba3 Bxa3 9. Nxa3 Qe7 10. Qc1 Bd7 11. Ne5 Be8 12. Nc2 Nbd7 13. Qb2 Nxe5 14. dxe5 Nd7 15. cxd5 cxd5 16. e3 Bh5 17. f3 g5 18. Rf2 Bg6 19. f4 h5 20. Nd4 a6 21. Rc1 gxf4 22. gxf4 Nb6 23. Rfc2 Rac8 24. Rxc8 Rxc8 25. Rxc8+ Nxc8 26. Qc3 Na7 27. Qa5 Bf7 28. Bf1 Be8 29. Qb6 Nc6 30. a4 Nxd4 31. Qxd4 Qh4 32. Qd2 Bc6 33. Qf2 Qg4+ 34. Qg3 Kg7 35. Be2 Qxg3+ 36. hxg3 Kh6 37. Kh2 a5 38. Kh3 Bd7 39. Kh4 Be8 40. Bd3 Bc6 41. Be2 Be8 42. Kh3 Bc6 43. Kh2 Bd7 44. Kg1 Bc6 45. Kf2 Be8 46. Ke1 Kg7 47. Kd2 Kf8 48. Kc3 Ke7 49. Kd4 b6 50. Kc3 Kd8 51. Bd1 Kc7 52. b4 Kb7 53. Kb3 Kc7 54. Be2 Kb7 55. Bd1 Kc7 56. Kc3 Kb7 57. Be2 Kc7 58. Bd1 Kb7 59. Bb3 Kc7 60. Bc2 Kb7 61. Bd1 Kc7 62. b5 1/2-1/2

[Event "Winnipeg TNT January op"]
[Site "Winnipeg CAN"]
[Date "2013.01.22"]
[Round "3"]
[White "Baron, Gustav"]
[Black "Remillard, John"]
[Result "1-0"]
[WhiteElo "1773"]
[BlackElo "1675"]
[PlyCount "107"]
[GameId "2160767909410924"]
[EventDate "2013.01.08"]
[EventType "swiss"]
[EventRounds "4"]
[EventCountry "CAN"]
[SourceTitle "EXT 2022"]
[Source "ChessBase"]
[SourceDate "2021.10.06"]
[SourceVersion "1"]
[SourceVersionDate "2021.10.06"]
[SourceQuality "1"]

1. e4 c5 2. Nf3 a6 3. d4 cxd4 4. Nxd4 Nc6 5. Nc3 Nxd4 6. Qxd4 e6 7. Be2 b6 8. Be3 Ne7 9. O-O Nc6 10. Qxb6 Qxb6 11. Bxb6 Rb8 12. Na4 Be7 13. b3 O-O 14. c4 Bd8 15. c5 Bb7 16. Rfd1 Bf6 17. Rac1 Nd4 18. Bd3 Nb5 19. f4 Bd4+ 20. Kf1 Be3 21. Rc2 Bxf4 22. g3 Bc7 23. Bxb5 Bxb6 24. Nxb6 axb5 25. Nxd7 Bxe4 26. Re2 Bf3 27. Nxb8 Rxb8 28. Rd7 Bxe2+ 29. Kxe2 Kf8 30. Ra7 b4 31. c6 Ke8 32. Rb7 Rc8 33. Rxb4 Rxc6 34. Kd3 f5 35. a4 e5 36. Rb7 g5 37. Rxh7 Rd6+ 38. Ke2 Rb6 39. a5 Rxb3 40. a6 Ra3 41. a7 Ra2+ 42. Kd1 Ra1+ 43. Kc2 Ra2+ 44. Kb3 Ra6 45. a8=Q+ Rxa8 46. Rh8+ Kf7 47. Rxa8 Kg6 48. Kc3 e4 49. Kd2 Kh5 50. Ke3 Kg4 51. Rh8 f4+ 52. gxf4 gxf4+ 53. Kxe4 f3 54. Rg8+ 1-0

[Event "Winnipeg TNT January op"]
[Site "Winnipeg CAN"]
[Date "2013.01.22"]
[Round "3"]
[White "Croitor, Jeremy"]
[Black "Reimer, Bruce"]
[Result "0-1"]
[WhiteElo "1557"]
[BlackElo "1637"]
[PlyCount "66"]
[GameId "2160767909410925"]
[EventDate "2013.01.08"]
[EventType "swiss"]
[EventRounds "4"]
[EventCountry "CAN"]
[SourceTitle "EXT 2022"]
[Source "ChessBase"]
[SourceDate "2021.10.06"]
[SourceVersion "1"]
[SourceVersionDate "2021.10.06"]
[SourceQuality "1"]

1. d4 d5 2. c4 e6 3. Nc3 Nf6 4. Bg5 Nbd7 5. e3 c6 6. Nf3 Qa5 7. Nd2 Bb4 8. Qc2 dxc4 9. Bxf6 Nxf6 10. Bxc4 O-O 11. Nb3 Qc7 12. a3 Bd6 13. f4 b6 14. O-O Bb7 15. Nd2 c5 16. Nb5 Qc6 17. Nf3 cxd4 18. Nfxd4 Qd7 19. Nxd6 Qxd6 20. Rad1 Qc7 21. Nb5 Qc5 22. Rfe1 Ba6 23. Qa4 Rfd8 24. Rxd8+ Rxd8 25. b3 Bxb5 26. Bxb5 g6 27. Bc4 Ng4 28. Qb4 Qc6 29. h3 Nf6 30. Qb5 Qd6 31. Qa6 Qd2 32. Kf1 Ne4 33. Be2 Qxe3 0-1

[Event "Winnipeg TNT January op"]
[Site "Winnipeg CAN"]
[Date "2013.01.22"]
[Round "3"]
[White "Czarny, Keith"]
[Black "Einarsson, Ken"]
[Result "1-0"]
[WhiteElo "1663"]
[BlackElo "1829"]
[PlyCount "95"]
[GameId "2160767909410926"]
[EventDate "2013.01.08"]
[EventType "swiss"]
[EventRounds "4"]
[EventCountry "CAN"]
[SourceTitle "EXT 2022"]
[Source "ChessBase"]
[SourceDate "2021.10.06"]
[SourceVersion "1"]
[SourceVersionDate "2021.10.06"]
[SourceQuality "1"]

1. c4 e5 2. Nc3 Nc6 3. d3 Nf6 4. Bg5 h6 5. Bh4 Be7 6. Nf3 O-O 7. e3 Re8 8. Be2 d5 9. cxd5 Nxd5 10. Bxe7 Ndxe7 11. O-O Nf5 12. Rc1 a6 13. Nd2 Nd6 14. Nde4 Nxe4 15. Nxe4 Qe7 16. Bf3 Nb4 17. a3 Nd5 18. Ng3 c6 19. Ne4 Nf6 20. Qb3 Be6 21. Qc2 Bd5 22. Nxf6+ Qxf6 23. Bxd5 cxd5 24. Qb3 Qd6 25. Rc2 Rac8 26. Rfc1 Rxc2 27. Rxc2 b5 28. a4 bxa4 29. Qxa4 Rb8 30. g3 Qd8 31. Qxa6 d4 32. e4 Qb6 33. Rc8+ Kh7 34. Qxb6 Rxb6 35. Rc2 Rb3 36. Rd2 Kg6 37. f4 exf4 38. gxf4 Kf6 39. Kf2 g5 40. fxg5+ hxg5 41. Ke2 Ke5 42. Kd1 f6 43. Kc2 Rb6 44. Rf2 Rb4 45. Rf5+ Ke6 46. h3 Rb6 47. Rd5 f5 48. Rxf5 1-0

[Event "Winnipeg TNT January op"]
[Site "Winnipeg CAN"]
[Date "2013.01.22"]
[Round "3"]
[White "Dawa, Arvin"]
[Black "Valentino, Marcos"]
[Result "0-1"]
[WhiteElo "2176"]
[BlackElo "2260"]
[PlyCount "90"]
[GameId "2160767909410927"]
[EventDate "2013.01.08"]
[EventType "swiss"]
[EventRounds "4"]
[EventCountry "CAN"]
[SourceTitle "EXT 2022"]
[Source "ChessBase"]
[SourceDate "2021.10.06"]
[SourceVersion "1"]
[SourceVersionDate "2021.10.06"]
[SourceQuality "1"]

1. d4 Nf6 2. c4 d6 3. Nc3 Nbd7 4. e4 c5 5. d5 g6 6. f4 Bg7 7. Nf3 O-O 8. Be2 a6 9. a4 Qc7 10. O-O Re8 11. Qc2 e6 12. dxe6 Rxe6 13. f5 Re8 14. fxg6 hxg6 15. Bf4 b6 16. Rad1 Bf8 17. Ng5 Bb7 18. Qd3 Ne5 19. Bxe5 Rxe5 20. Rxf6 Rxg5 21. Rdf1 Bg7 22. Rxf7 Bd4+ 23. Kh1 Qxf7 24. Rxf7 Kxf7 25. Qh3 Bc6 26. Qh7+ Bg7 27. Qh4 Re5 28. Bf3 Rh8 29. Qf4+ Bf6 30. Kg1 Ke7 31. h3 Bg5 32. Qg3 Be3+ 33. Kf1 g5 34. b3 Bf4 35. Qe1 Rf8 36. Ke2 Re6 37. Kd3 Be5 38. Nd5+ Bxd5 39. cxd5 Ref6 40. Qc1 Rf4 41. Qc4 Ra8 42. Ke2 Rff8 43. Bg4 Bd4 44. Bf5 Rfb8 45. Qc1 Bf6 0-1

[Event "Winnipeg TNT January op"]
[Site "Winnipeg CAN"]
[Date "2013.01.22"]
[Round "3"]
[White "Dykman, Tony"]
[Black "Trueman, Francis"]
[Result "0-1"]
[WhiteElo "1264"]
[BlackElo "1460"]
[PlyCount "52"]
[GameId "2160767909410928"]
[EventDate "2013.01.08"]
[EventType "swiss"]
[EventRounds "4"]
[EventCountry "CAN"]
[SourceTitle "EXT 2022"]
[Source "ChessBase"]
[SourceDate "2021.10.06"]
[SourceVersion "1"]
[SourceVersionDate "2021.10.06"]
[SourceQuality "1"]

1. e4 d6 2. d4 Nf6 3. Nc3 g6 4. Nf3 Bg7 5. Bc4 O-O 6. Be3 Nbd7 7. Qd2 e5 8. dxe5 dxe5 9. h3 c6 10. O-O-O a5 11. a3 b5 12. Bb3 Qe7 13. g4 b4 14. a4 bxc3 15. Qxc3 Bb7 16. h4 Nxe4 17. Qd3 Nec5 18. Qc3 Nxb3+ 19. Qxb3 Rab8 20. Qd3 Nf6 21. Qc4 Qb4 22. Qxb4 axb4 23. g5 Nd5 24. b3 Nxe3 25. fxe3 c5 26. Nd2 Bxh1 0-1

[Event "Winnipeg TNT January op"]
[Site "Winnipeg CAN"]
[Date "2013.01.22"]
[Round "3"]
[White "Kernetsky, Myron"]
[Black "Mundwiler, Les"]
[Result "0-1"]
[WhiteElo "2064"]
[BlackElo "1991"]
[PlyCount "38"]
[GameId "2160767909410929"]
[EventDate "2013.01.08"]
[EventType "swiss"]
[EventRounds "4"]
[EventCountry "CAN"]
[SourceTitle "EXT 2022"]
[Source "ChessBase"]
[SourceDate "2021.10.06"]
[SourceVersion "1"]
[SourceVersionDate "2021.10.06"]
[SourceQuality "1"]

1. Nf3 d5 2. c4 e6 3. g3 c5 4. Bg2 Nc6 5. O-O Nf6 6. b3 Be7 7. Bb2 O-O 8. cxd5 Nxd5 9. Nc3 Bf6 10. Qc1 b6 11. Nxd5 exd5 12. Rd1 Re8 13. Re1 Bf5 14. d3 Rc8 15. Qd2 d4 16. Rac1 h6 17. Qd1 Nb4 18. Ra1 Bg4 19. Nd2 Nxd3 0-1

[Event "Winnipeg TNT January op"]
[Site "Winnipeg CAN"]
[Date "2013.01.22"]
[Round "3"]
[White "Platt, Alex"]
[Black "Wasserman, Leor"]
[Result "0-1"]
[WhiteElo "1905"]
[BlackElo "1962"]
[PlyCount "58"]
[GameId "2160767909410930"]
[EventDate "2013.01.08"]
[EventType "swiss"]
[EventRounds "4"]
[EventCountry "CAN"]
[SourceTitle "EXT 2022"]
[Source "ChessBase"]
[SourceDate "2021.10.06"]
[SourceVersion "1"]
[SourceVersionDate "2021.10.06"]
[SourceQuality "1"]

1. d4 Nf6 2. c4 e5 3. dxe5 Ng4 4. Nf3 Nc6 5. e4 Bc5 6. Be3 Nxe3 7. fxe3 Bxe3 8. a3 Qe7 9. Qd3 Bf4 10. g3 Bxe5 11. Nxe5 Nxe5 12. Qe2 d6 13. h3 Qg5 14. Rg1 O-O 15. Nd2 f5 16. O-O-O f4 17. gxf4 Qxg1 18. fxe5 dxe5 19. Nf3 Qb6 20. Nxe5 Be6 21. Qd3 c6 22. Nd7 Bxd7 23. Qxd7 Qe3+ 24. Kb1 Qxe4+ 25. Bd3 Qe5 26. c5 Kh8 27. Bc2 Qxc5 28. Rd4 Rf1+ 29. Ka2 Qxc2 0-1

[Event "Winnipeg TNT January op"]
[Site "Winnipeg CAN"]
[Date "2013.01.22"]
[Round "3"]
[White "Wolchock, Theo"]
[Black "Towns, Barry"]
[Result "0-1"]
[WhiteElo "1684"]
[BlackElo "1668"]
[PlyCount "42"]
[GameId "2160767909410932"]
[EventDate "2013.01.08"]
[EventType "swiss"]
[EventRounds "4"]
[EventCountry "CAN"]
[SourceTitle "EXT 2022"]
[Source "ChessBase"]
[SourceDate "2021.10.06"]
[SourceVersion "1"]
[SourceVersionDate "2021.10.06"]
[SourceQuality "1"]

1. c4 e5 2. g3 d5 3. cxd5 Qxd5 4. Nf3 e4 5. Nc3 Qa5 6. Nxe4 Bf5 7. Nc3 Nc6 8. d3 Bb4 9. Bd2 Nge7 10. Bg2 O-O 11. O-O Rad8 12. a3 Bd6 13. b4 Qb6 14. Rb1 Ne5 15. Na4 Nxf3+ 16. Bxf3 Qb5 17. Nc3 Qd7 18. Qb3 Bh3 19. Rfd1 Nf5 20. Bg2 Nh4 21. gxh4 Qg4 0-1

[Event "Winnipeg TNT January op"]
[Site "Winnipeg CAN"]
[Date "2013.01.29"]
[Round "4"]
[White "Einarsson, Ken"]
[Black "Wolchock, Theo"]
[Result "0-1"]
[WhiteElo "1829"]
[BlackElo "1684"]
[PlyCount "71"]
[GameId "2160767909410933"]
[EventDate "2013.01.08"]
[EventType "swiss"]
[EventRounds "4"]
[EventCountry "CAN"]
[SourceTitle "EXT 2022"]
[Source "ChessBase"]
[SourceDate "2021.10.06"]
[SourceVersion "1"]
[SourceVersionDate "2021.10.06"]
[SourceQuality "1"]

1. d4 Nf6 2. c4 c5 3. d5 e6 4. Nc3 exd5 5. cxd5 d6 6. e4 Be7 7. Nf3 Bg4 8. Be2 O-O 9. O-O Nbd7 10. h3 Bh5 11. Re1 Re8 12. Bf4 a6 13. Nd2 Bxe2 14. Rxe2 h6 15. Nc4 Nb6 16. Nxb6 Qxb6 17. Qc2 Nd7 18. Bg3 Bf6 19. Rae1 Re7 20. Na4 Qc7 21. Rc1 b5 22. Nc3 Rae8 23. b3 Bxc3 24. Qxc3 Rxe4 25. Rxe4 Rxe4 26. Qd3 Re8 27. a4 Ne5 28. Bxe5 Rxe5 29. f4 Qb6 30. Kh2 Re8 31. axb5 Qxb5 32. Qg3 Rb8 33. Rc3 Qb7 34. Rd3 Qb4 35. f5 Rd8 36. h4 0-1

[Event "Winnipeg TNT January op"]
[Site "Winnipeg CAN"]
[Date "2013.01.29"]
[Round "4"]
[White "Mundwiler, Les"]
[Black "Babb, Jeff"]
[Result "0-1"]
[WhiteElo "1991"]
[BlackElo "2198"]
[PlyCount "130"]
[GameId "2160767909410934"]
[EventDate "2013.01.08"]
[EventType "swiss"]
[EventRounds "4"]
[EventCountry "CAN"]
[SourceTitle "EXT 2022"]
[Source "ChessBase"]
[SourceDate "2021.10.06"]
[SourceVersion "1"]
[SourceVersionDate "2021.10.06"]
[SourceQuality "1"]

1. d4 Nf6 2. c4 c5 3. e3 g6 4. Nc3 Bg7 5. Nf3 O-O 6. Be2 b6 7. O-O Bb7 8. Qb3 Na6 9. Rd1 d6 10. a3 Rb8 11. Qc2 Bc6 12. Rb1 Nc7 13. b4 Qe8 14. d5 Bd7 15. b5 Bg4 16. h3 Bxf3 17. Bxf3 Nd7 18. Ne2 Ne5 19. Bb2 f5 20. Bxe5 Bxe5 21. g3 Qf7 22. Bg2 Kh8 23. f4 Bg7 24. e4 Rbe8 25. Nc3 e5 26. Rf1 exf4 27. gxf4 Bd4+ 28. Kh1 Qg7 29. Ne2 fxe4 30. Bxe4 Qe7 31. Bf3 Qh4 32. Bg2 Bg7 33. Rb3 Re7 34. Rbf3 Ne8 35. Qd3 Nf6 36. Re3 Rfe8 37. Rxe7 Rxe7 38. Qg3 Qxg3 39. Nxg3 Re3 40. Rf3 Re1+ 41. Rf1 Rxf1+ 42. Bxf1 Bh6 43. f5 Bf4 44. Ne2 Be5 45. fxg6 hxg6 46. Ng1 Kg7 47. Nf3 Bb2 48. a4 Ne4 49. Kg2 Nc3 50. Bd3 Nxa4 51. Nh4 Bc1 52. Kf3 Nb2 53. Be2 Kf6 54. Ng2 Ke5 55. Nh4 g5 56. Ng6+ Kd4 57. Ne7 Nxc4 58. Nf5+ Kxd5 59. Bxc4+ Kxc4 60. Nxd6+ Kd3 61. Ne4 c4 62. Nf2+ Kc3 63. Ke4 Kb4 64. Nd1 Kxb5 65. Kd4 Bd2 0-1